000 00323 a2200157 4500
001 174661
020 _a85-259-0384-1
040 _cMagnum
100 _aMálus
240 1 0 _aA galinha e a linha
_lpor
245 1 0 _aA galinha e a linha
300 _a12
362 0 _a1993
697 _aLITERATURA INFANTO
942 _cBK
999 _c174661
_d174661